000 00820nam a22002057a 4500
999 _c370065
_d370065
008 201130b ||||| |||| 00| 0 eng d
040 _bger
_cDE-2950
_erda
_aDE-2950
041 _ager
100 _aMahlke, Lisa:
245 _aCorona-Patienten berichten über Spätfolgen ihrer Infektion.
_bLong Covid: nach überstandener Krankheit müssten Schmerzen, verzerrter Geschmackssinn und Atemnot vorüber sein - Betroffene aus Frankfurt berichten anderes./
_cLisa Mahlke
264 _c2021
653 _aFrankfurt (Oder)
653 _aCovid-19
653 _aCorona
773 _dFrankfurt (Oder): Märkisches Verlags- und Druckhaus GmbH & Co KG
_g32. Jahrgang (2021) Nr. 173 vom 28.07.2021, S. 15: Foto
_tMärkische Oderzeitung
942 _cA